Richard Price & Sally Price, Romare Bearden : une dimension caribéenne, La Roque d’Anthéron, Vents d’ailleurs, 2006, 192 p. (notice n° 1646150)
[ vue normale ]
| 000 -LEADER | |
|---|---|
| fixed length control field | 00550cam a2200145 4500500 |
| 005 - DATE AND TIME OF LATEST TRANSACTION | |
| control field | 20260208002411.0 |
| 041 ## - LANGUAGE CODE | |
| Language code of text/sound track or separate title | fre |
| 042 ## - AUTHENTICATION CODE | |
| Authentication code | dc |
| 100 10 - MAIN ENTRY--PERSONAL NAME | |
| Personal name | Giafferi-Dombre, Natacha |
| Relator term | author |
| 245 00 - TITLE STATEMENT | |
| Title | Richard Price & Sally Price, Romare Bearden : une dimension caribéenne, La Roque d’Anthéron, Vents d’ailleurs, 2006, 192 p. |
| 260 ## - PUBLICATION, DISTRIBUTION, ETC. | |
| Date of publication, distribution, etc. | 2007.<br/> |
| 500 ## - GENERAL NOTE | |
| General note | 69 |
| 786 0# - DATA SOURCE ENTRY | |
| Note | L'Homme | 183 | 3 | 2007-07-01 | p. 199t-257t | 0439-4216 |
| 856 41 - ELECTRONIC LOCATION AND ACCESS | |
| Uniform Resource Identifier | <a href="https://shs.cairn.info/revue-l-homme-2007-3-page-199t?lang=fr&redirect-ssocas=7080">https://shs.cairn.info/revue-l-homme-2007-3-page-199t?lang=fr&redirect-ssocas=7080</a> |
Pas d'exemplaire disponible.




Réseaux sociaux